| 000 | 01041nam a2200217 a 4500 | ||
|---|---|---|---|
| 008 | 080109s1982 ||||||||||||||||| || u | ||
| 020 | _a090592701X | ||
| 020 | _a0198558368 | ||
| 050 | _aQ 41 Roy | ||
| 245 | 0 | 0 | _aProceedings of the Royal Institution of Great Britain |
| 260 |
_aOxford _bThe University Press _c1982- |
||
| 300 | _aVols. : ill. | ||
| 350 | _a0.00 | ||
| 490 | _aThe Proceedings of the Royal Institution | ||
| 500 | _aCONTENTS: vols. 54 & 65-66 | ||
| 650 | 7 |
_aSCIENCE _2fast |
|
| 650 | _aScience--Great Britain--Periodicals. Science--Periodicals | ||
| 995 |
_aANNEX COLLECTION (Main Library) _D0.00 _e720236 _FCBU-MAIN LIBRARY (Kitwe) _H1 _I20.00 _jQ 41 Roy _M1 _UAVAILABLE _y011236 _ZAnnex Low-Usage Collection |
||
| 995 |
_aANNEX COLLECTION (Main Library) _D0.00 _e727938 _FCBU-MAIN LIBRARY (Kitwe) _H2 _I2.50 _jQ 41 ROY _M3 _UAVAILABLE _y026496 _ZAnnex Low-Usage Collection |
||
| 995 |
_aMAIN LIBRARY OPEN ACCESS _D0.00 _e727937 _FCBU-MAIN LIBRARY (Kitwe) _H1 _I2.50 _jQ 41 ROY _M2 _UAVAILABLE _y025936 _ZMain Library Open Access Collection |
||
| 999 |
_c77210 _d77210 |
||